Revolusi Angkatan bersendjata & Partai Komunis; (Record no. 62071)

MARC details
000 -LEADER
fixed length control field 00640cam a22002291 4500
001 - CONTROL NUMBER
control field sa 65001476
003 - CONTROL NUMBER IDENTIFIER
control field DLC
005 - DATE AND TIME OF LATEST TRANSACTION
control field 20260227112109.0
008 - FIXED-LENGTH DATA ELEMENTS--GENERAL INFORMATION
fixed length control field 890315s1964 io 000 0 ind
010 ## - LIBRARY OF CONGRESS CONTROL NUMBER
LC control number sa 65001476
035 ## - SYSTEM CONTROL NUMBER
System control number (OCoLC)23557166
040 ## - CATALOGING SOURCE
Original cataloging agency DLC
Transcribing agency MiU
Modifying agency DLC
042 ## - AUTHENTICATION CODE
Authentication code premarc
043 ## - GEOGRAPHIC AREA CODE
Geographic area code a-io---
050 00 - LIBRARY OF CONGRESS CALL NUMBER
Classification number UA853.I5
Item number A65
100 1# - MAIN ENTRY--PERSONAL NAME
Personal name Aidit, D. N.,
Dates associated with a name 1923-1965.
245 10 - TITLE STATEMENT
Title Revolusi Angkatan bersendjata & Partai Komunis;
Remainder of title PKI dan AURI II
260 ## - PUBLICATION, DISTRIBUTION, ETC.
Place of publication, distribution, etc. Djakarta,
Name of publisher, distributor, etc. Jajasan Pembaruan,
Date of publication, distribution, etc. 1964.
300 ## - PHYSICAL DESCRIPTION
Extent 44 p.
Dimensions 15 cm.
610 10 - SUBJECT ADDED ENTRY--CORPORATE NAME
Corporate name or jurisdiction name as entry element Indonesia.
Subordinate unit Angkatan Perang.
610 20 - SUBJECT ADDED ENTRY--CORPORATE NAME
Corporate name or jurisdiction name as entry element Partai Komunis Indonesia.

No items available.

Powered by Koha